000 00734nam a2200229Ia 4500
003 GCL
008 140319s9999 xx 000 0 ara d
040 _aGCL /
_cGCL
082 0 4 _a025.32
_bش ف
100 1 _aشعبان عبدالعزيز خليفة
245 1 0 _aالفهرسة الوصفية للمكتبات المدرسية /
_cشعبان عبدالعزيز خليفة
700 1 _aمحمد عوض العايدى
260 _a[S.N] :
_bالمكتبة الاكاديمية ،
_c1995
300 _a788 ص
490 _a
650 0 4 _aالعلم
650 0 4 _aالفهرسة
650 0 4 _aالمكتبات
650 0 4 _aالمكتبات المدرسية
650 0 4 _aالفهرسة الوصفية
942 _2ddc
_cBK
999 _c36916
_d36916